Normal view
MARC view
- PREPARED BY THE ECONOMIST INTELLIGENCE UNIT AND THE CAROGRAHIC DEPARTMENT OF THE CLARENDON PREES
Entry Personal Name
001 - CONTROL NUMBER
- control field: 6094
003 - CONTROL NUMBER IDENTIFIER
- control field: JO-AjAnu
005 - DATE AND TIME OF LATEST TRANSACTION
- control field: 20230606071305.0
008 - FIXED-LENGTH DATA ELEMENTS
- fixed length control field: 230606|| aca||aabn | a|a d
040 ## - CATALOGING SOURCE
- Original cataloging agency: JO-AjAnu
- Transcribing agency: JO-AjAnu
100 ## - HEADING--PERSONAL NAME
- Personal name: PREPARED BY THE ECONOMIST INTELLIGENCE UNIT AND THE CAROGRAHIC DEPARTMENT OF THE CLARENDON PREES
670 ## - SOURCE DATA FOUND
- Source citation: Work cat.: (JO-AjAnu)3160: PREPARED BY THE ECONOMIST INTELLIGENCE UNIT AND THE CAROGRAHIC DEPARTMENT OF THE CLARENDON PREES, author, OXFORD ECONOMIC ATLAS OF THE WORLD